| 000 | 00506nam a2200193 a 4500 | ||
|---|---|---|---|
| 005 | 20210219152819.0 | ||
| 008 | 991125n 000 0 spa u | ||
| 035 | _aUPN01000062250 | ||
| 222 | _aCOMUNICACION EDUCATIVA SEP | ||
| 245 | _a845 mil adultos alfabetizados en 1987 | ||
| 300 | _a6 | ||
| 362 | _a1988 Año 5, no. 53, feb. | ||
| 653 | 0 | _aALFABETIZACION | |
| 653 | 0 | _aANALFABETISMO FUNCIONAL | |
| 653 | 0 | _aEDUCACION DE ADULTOS | |
| 653 | 0 | _aINEA | |
| 904 |
_aAC _b000061 |
||
| 905 | _aArticulo | ||
| 999 |
_c61598 _d61598 |
||